Introduction to information systems : (Record no. 5637)

MARC details
000 -LEADER
fixed length control field 00509cam a2200157 a 4500
020 ## - INTERNATIONAL STANDARD BOOK NUMBER
ISBN 0072297492
050 00 - CALL NUMBER
Classification number HF5548.2
Item number .O23
100 1# - AUTHOR
Personal name O'Brien, James A.,
245 10 - TITLE
Title Introduction to information systems :
Remainder of title essentials for the internetworked enterprise /
Statement of responsibility, etc James A. O'Brien.
250 ## - EDITION
Edition statement 9th ed.
260 ## - PUBLICATION INFORMATION
Place of publication Boston :
Name of publisher Irwin/McGraw-Hill,
Year of publication 2000.
300 ## - DESCRIPTION
Number of Pages xxiv, 510, [74] p. :
Other physical details col. ill. ;
Dimensions 26 cm.
650 #0 - SUBJECTS
Topical Term Business
General subdivision Data processing.
650 #0 - SUBJECTS
Topical Term Management
General subdivision Data processing.
942 ## - ADDED ENTRY ELEMENTS (KOHA)
Koha item type Books
Holdings
Withdrawn status Lost status Home library Current library Date acquired Full call number Accession Number Koha item type
    Methodist University Library Wenchi Faculty Methodist University Library Wenchi Faculty 09/07/2019 HF5548.2 .O23 6236 Books
Copyright © 2026  MUG Library